Dejiny peňazí

Guardado en:
Detalles Bibliográficos
Autor principal: Faltus, Jozef
Autor Corporativo: Ekonomická univerzita v Bratislave. Národohospodárska fakulta
Formato: Libro
Lenguaje:eslovaco
Publicado: Bratislava Vydavateľstvo Ekonóm 1997
Edición:1. vyd.
Materias:
Etiquetas: Agregar Etiqueta
Sin Etiquetas, Sea el primero en etiquetar este registro!

MARC

LEADER 00000nam a2200000 4500
001 c019439
005 20221214070831.9
020 |a 80-225-0862-4 
041 0 |a slo 
044 |a SK 
245 1 0 |a Dejiny peňazí  |c Jozef Faltus 
250 |a 1. vyd. 
264 1 |a Bratislava  |b Vydavateľstvo Ekonóm  |c 1997 
300 |a 192 s. 
610 2 0 |a peniaze 
610 2 0 |a mena 
610 2 0 |a dejiny hospodárske 
610 2 0 |a sústava menová 
610 2 0 |a systém menový medzinárodný 
610 2 0 |a ČSR 
100 1 |a Faltus, Jozef 
710 2 |a Ekonomická univerzita v Bratislave. Národohospodárska fakulta